000 00862cam a2200301ua 4500
005 20260515114548.0
008 171025n ii |||gr||||Z||||||asm
020 _a9789382750215
040 _cMAIN
_aIN-DiNC
041 _dasm
082 _a001
_bBAH
245 _aBahumukhi pathyakram/
_cBy Ashwini Machey and others
250 _a2nd rev. ed.
260 _aDibrugarh:
_bBanalata,
_c2015.
300 _a509p.
650 _aMultidisciplinary course
653 _aKnowledge
653 _aMultidisciplinary
700 _aSarma, Dipankar,
_eauthor
700 _aSaikia, Lohit,
_eauthor
700 _aBhattacharyya, Suresh,
_eauthor
700 _aSarma, Anita,
_eauthor
700 _aLahon, Ratul Kr.,
_eauthor
700 _aSen, Sanjay,
_eauthor
700 _aTalukdar, Swapnali Borah,
_eauthor
700 _aMachey, Ashwini,
_eauthor
942 _cBK
_2ddc
999 _c9062
_d9062